000 00536pab a2200193 454500
008 180718b2006 xxu||||| |||| 00| 0 eng d
100 _aSambisa, William
245 _aRural/urban residence, migration, HIV/AIDS, and safe sex practices among men in Zimbabwe
260 _c2006
300 _ap.183-211.
362 _aJun
650 _aSexual behaviour - Zimbabwe
650 _aMigration - Zimbabwe
650 _aAIDS - Zimbabwe
650 _aAIDS
700 _aStokes, C. Shannon
773 _aRural Sociology
909 _a71026
999 _c71026
_d71026